• 首页
  • 本馆介绍
  • 公告通知
  • 最新文献
  • 馆藏检索
  • 电子资源
  • 读者导购
  • 参考咨询
  • 我的图书馆
  • 登录
  • 详细信息显示
  • 放入我的书架
  • 预约/预借图书
  • 作者相关作品
  • 分类相关作品
  • 丛书相关作品
  • 出版社相关作品

书目信息

  • 表格格式
  • 工作单格式
  • 卡片格式
题名:
英语读写教程4
    
 
作者: 朱次榴 主编 ;瞿熙 , 勇玲 编写
分册: 4   教师用书
出版信息: 北京   高等教育出版社  1990
页数: 274页
开本: 26cm
丛书名:
单 册:
中图分类: H31
科图分类: 41.68
主题词: 英语--高等学校--教学参考资料
电子资源:
ISBN: 7-04-003125-6
000 00900nam0 2200265 45
001 0191023482
005 20070618173829.42
010    @a7-04-003125-6@dCNY4.15
100    @a19910925d1990 em y0chiy0121 ea
101 2  @achi@aeng
102    @aCN@b110000
105    @ay z 000yy
200 10 @a英语读写教程4@Aying yu du xie jiao cheng 4@h4@i教师用书@IJIAO SHI YONG SHU@dRoads and ways to better English@h4@iteacher’s book@zeng@f朱次榴主编@FZHU CI LIU ZHU BIAN@g瞿 熙,勇 玲编写
210    @a北京@c高等教育出版社@d1990
215    @a274页@d26cm
510 1  @aRoads and ways to better English@h4@iteacher’s book@zeng
540 1  @a读写@ADU XIE
606    @a英语@x高等学校@x教学参考资料
690    @aH31
692    @a41.68
701  0 @a朱次榴@AZHU CI LIU@4主编
702  0 @a瞿熙@AQU XI@4编写
702  0 @a勇玲@AYONG LING@4编写
801  0 @aCN@bTSSF@c20070618
905    @a10447@dH31@e1029:4(1)
    
    英语读写教程4.4.教师用书=Roads and ways to better English.4.teacher’s book/朱次榴主编/瞿 熙,勇 玲编写.-北京:高等教育出版社,1990
    274页;26cm
    
    
    ISBN 7-04-003125-6:CNY4.15
    
●
相关链接 在E读中查询图书 在五车中查询图书 在当当中查询图书 在豆瓣中查询图书


正题名:英语读写教程4     索取号:H31/1029:4(1)         预约/预借

序号 登录号 条形码 馆藏地/架位号 状态 备注
1 0401116   204011167   第二样本阅览室/ [索取号:H31/1029:4(1)] 在馆    
2 0401117   204011176   密集书库/ [索取号:H31/1029:4(1)] 在馆    
3 0401118   204011185   密集书库/ [索取号:H31/1029:4(1)] 在馆    
4 0407364   204073643   密集书库/ [索取号:H31/1029:4(1)] 在馆    
5 0654728   206547281   密集书库/ [索取号:H31/1029:4(1)] 在馆    
唐山师范学院图书馆 欢迎您!
大连网信软件有限公司© 版权所有